Определение органического углерода в почвах Шегарского района Томской области; Проблемы геологии и освоения недр; Т. 1

Bibliographische Detailangaben
Parent link:Проблемы геологии и освоения недр=Problems of Geology and Subsurface Development: труды XXVI Международного симпозиума имени академика М. А. Усова студентов и молодых учёных, посвященный 90-летию со дня рождения Н. М. Рассказова, 120-летию со дня рождения Л. Л. Халфина, 50-летию научных молодежных конференций имени академика М. А. Усова, Томск, 4-8 апреля 2022 г./ Национальный исследовательский Томский политехнический университет, Инженерная школа природных ресурсов ; гл. ред. А. С. Боев ; под ред. Е. Ю. Пасечник.— , 2022
Т. 1.— 2022.— [С. 339-340]
1. Verfasser: Швалова Е. В.
Körperschaft: Национальный исследовательский Томский политехнический университет Инженерная школа природных ресурсов Отделение геологии
Weitere Verfasser: Осипова Н. А. Нина Александровна (научный руководитель)
Zusammenfassung:Заглавие с экрана
Sprache:Russisch
Veröffentlicht: 2022
Schriftenreihe:Геоэкология, охрана и защита окружающей среды
Schlagworte:
Online-Zugang:http://earchive.tpu.ru/handle/11683/73914
Format: Elektronisch Buchkapitel
KOHA link:https://koha.lib.tpu.ru/cgi-bin/koha/opac-detail.pl?biblionumber=635029

MARC

LEADER 00000naa2a2200000 4500
001 635029
005 20231101133836.0
035 |a (RuTPU)RU\TPU\conf\36866 
035 |a RU\TPU\conf\36864 
090 |a 635029 
100 |a 20221026d2022 k y0rusy50 ca 
101 0 |a rus 
102 |a RU 
105 |a y z 100zy 
135 |a drcn ---uucaa 
181 0 |a i  
182 0 |a b 
200 1 |a Определение органического углерода в почвах Шегарского района Томской области  |f Е. В. Швалова  |g науч. рук. Н. А. Осипова 
203 |a Текст  |c электронный 
225 1 |a Геоэкология, охрана и защита окружающей среды 
230 |a 1 компьютерный файл (pdf; 897 Kb) 
300 |a Заглавие с экрана 
320 |a [Библиогр.: с. 339-340 (7 назв.)] 
461 1 |0 (RuTPU)RU\TPU\conf\36761  |t Проблемы геологии и освоения недр  |l Problems of Geology and Subsurface Development  |o труды XXVI Международного симпозиума имени академика М. А. Усова студентов и молодых учёных, посвященный 90-летию со дня рождения Н. М. Рассказова, 120-летию со дня рождения Л. Л. Халфина, 50-летию научных молодежных конференций имени академика М. А. Усова, Томск, 4-8 апреля 2022 г.  |o в 2 т.  |f Национальный исследовательский Томский политехнический университет, Инженерная школа природных ресурсов ; гл. ред. А. С. Боев ; под ред. Е. Ю. Пасечник  |d 2022 
463 1 |0 (RuTPU)RU\TPU\conf\36762  |t Т. 1  |v [С. 339-340]  |d 2022 
610 1 |a труды учёных ТПУ 
610 1 |a электронный ресурс 
610 1 |a определение 
610 1 |a органический углерод 
610 1 |a почвы 
610 1 |a Шегарский район 
610 1 |a органические вещества 
610 1 |a Томская область 
700 1 |a Швалова  |b Е. В. 
702 1 |a Осипова  |b Н. А.  |c геохимик и геоэколог  |c доцент Томского политехнического университета, кандидат химических наук  |f 1958-  |g Нина Александровна  |2 stltpush  |4 727 
712 0 2 |a Национальный исследовательский Томский политехнический университет  |b Инженерная школа природных ресурсов  |b Отделение геологии  |h 8083  |2 stltpush  |3 (RuTPU)RU\TPU\col\23542 
801 2 |a RU  |b 63413507  |c 20221118  |g RCR 
856 4 |u http://earchive.tpu.ru/handle/11683/73914 
942 |c BK